[Event "Eastern Asia-ch U14 Girls"]
[Site "Tornelo INT"]
[Date "2021.10.23"]
[Round "4"]
[White "Kiyan Mohamed, Usamath"]
[Black "Kodikara, Hansi Dewmini"]
[Result "0-1"]
[WhiteElo "1199"]
[BlackElo "1101"]
[PlyCount "58"]
[EventDate "2021.10.22"]
[EventType "swiss"]
[EventRounds "9"]
[EventCountry "NET"]
[SourceTitle "EXT 2023"]
[Source "ChessBase"]
[SourceDate "2022.10.05"]
[SourceVersion "1"]
[SourceVersionDate "2022.10.05"]
[SourceQuality "1"]

1. e4 d6 2. Nf3 Nf6 3. Nc3 Nbd7 4. Bc4 e5 5. 0-0 Be7 6. d3 c6 7. Be3 Qc7 8. Qd2 Ng4 9. h3 Nxe3 10. fxe3 h6 11. Rad1 Nf6 12. a3 g5 13. d4 g4 14. hxg4 Bxg4 15. dxe5 dxe5 16. b4 Rd8 17. Qf2 h5 18. Rd2 Rxd2 19. Qxd2 Rg8 20. b5 Bxa3 21. Rd1 Bxf3 22. bxc6 Rxg2+ 23. Qxg2 Bxg2 24. Kxg2 Qxc6 25. Kf3 Qxc4 26. Ne2 Qxe4+ 27. Kf2 Ng4+ 28. Ke1 Qxe3 29. Kf1 Qf2# 0-1